Ako si uplatniť nárok na starobný dôchodok

Bibliographic Details
Format: Article
Language:Slovak
ISSN:1337-9844
Subjects:
Online Access:http://www.socpoist.sk/socialne-poistenie---archiv-cisiel/26811s

MARC

LEADER 00000nab a2200000 ar4500
001 vtls010109626
003 SK-MaSNL
005 20260303201643.0
008 100625c2010 xo ||||||||||||00 b|slo
015 |a SNBRB2010/06  |2 snkbucl 
038 |a SNKBUCL 
040 |a SNKBUCL  |b slo  |c SNKBUCL  |e AACR2 
041 0 |a slo 
044 |a xo  |c SK 
080 |a 364.35-646.2  |2 2001 
245 0 0 |a Ako si uplatniť nárok na starobný dôchodok 
650 0 7 |a starobné dôchodky  |2 snkbucl  |9 73215 
650 0 7 |a konanie o priznaní dôchodku  |2 snkbucl  |9 1232687 
773 0 |t Sociálne poistenie  |g Roč. XXXXII, č. 4 (2010), s. 10-11  |x 1337-9844 
852 |a SNK  |b KIS3GCP 
856 4 1 |u http://www.socpoist.sk/socialne-poistenie---archiv-cisiel/26811s 
999 |c 2175285  |d 2177215